000 01106nam a22003377a 4500
001 BR2016000467
003 BR-BrBNA
005 20230928104813.0
007 ta
008 230509b bl.||||| |||| 00| 0 por d
040 _aBR-BrBNA
_bpor
_cBiblioteca Nacional de Agricultura
041 _a(Por)
072 _aP10
090 _ P10 BR2016000467
100 1 _aLima, C. de A.
110 1 _aUniversidade Federal de Minas Gerais, Belo Horizonte (Brasil). Escola de Veterinária
_0Tese (Mestre em Ciência Animal)
245 1 _aReator UASB seguido de filtro anaeróbio para o tratamento de águas residuárias de abatedouro avícola pré acidificadas
260 3 _aBelo Horizonte, MG (Brasil):
_c2014.
300 _a112 p.
500 _aSummaries (Eng, Por); Bibliography p. 103-112; 37 tables; 77 illus.
650 _aÁGUAS RESIDUAIS
650 _aTRATAMENTO DA ÁGUA
650 _aABATEDOURO
650 _aAVICULTURA
650 _aFRANGO DE CORTE
650 _aABATE
650 _aANAEROBIOSE
650 _aMODELO MATEMÁTICO
909 _a202309
_bLucia
_c55
_dLucia Elande
942 _cBK
999 _c81838
_d81838